=LDR 00000nam 2200000 4500 =001 INLIS000000000001197 =005 20230215035817 =035 ##$$a 0010-1221000420 =245 1#$$a Faktor Penyebab Terjadinya Kerusakan Mesin Crusher pada Coal Handling PT. Bosowa Energi PLTU Jeneponto : $b Tugas Akhir /$c Herdianto Saputra =100 1#$$a SAPUTRA, Herdianto =250 ##$$a 2018 =300 ##$$a ix, 27 halaman : $b Gambar ; $c 20x29 cm =856 ##$$a OPAC (Rak TA TIA 2018) =260 ##$$a Makassar :$b Politeknik ATI Makassar - Teknik Industri Agro,$c 2018 =082 ##$$a (R)2018 TA-TIA 818 =084 ##$$a (R)2018 TA-TIA 818 SAP f =650 #4$$a Tugas Akhir TIA 2018 =008 230215################|##########|#|## =520 ##$$a HERDIANTO SAPUTRA, 2018. Faktor penyebab kerusakan mesin crusher pada coal handling Pada PT. Bosowa Energi PLTU Jeneponto. Dibawah bimbingan Bapak Amrin Rapi selaku pembimbing I dan Bapak Muchsin Haruna selaku pembimbing II. Perusahaan PT. Bosowa Energi PLTU Jeneponto merupakan perusahaan yang bergerak dibidang pembangkit listrik tenaga uap yang memproses batubara menjadi uap sehingga menghasilkan listrik , Perusahaan ini harus beroperasi selama dua puluh empat jam per hari diluar dari jam lembur.Pada saat beroperasi mesin atau peralatan-peralatan yang digunakan terkadang mengalami kerusakancontohnya: mesin berkarat, kesalahan listrik, sehingga menghambat proses produksi. Hal itu terjadi karena tidak maksimalnya sistem pemeliharaan/perawatan yang diterapkan. Penelitian ini bertujuan untuk mengetahui apa penyebab sering terjadinya kerusakan pada mesin Crusher dengan menggunakan Metode Diagram sebab akibat atau diagram tulang ikan. Dari hasil analisa dapat diketahui bahwa ada beberapa faktor yang mempengaruhi kerusakan pada mesin Crusher seperti Machine, Man, dan Material. Namun, di lihat dari hasil analisa yang dilakukan bahwa kerusakan lebih dominan terjadi karena faktor manusia itu sendiri yaitu getaran terlalu tinggi, kurangnya pelumasan, sisa batu bara tdak di bersihkan, kelebihan muatan, kesalahan listrik, kurangnya perawatan secara teratur, material asing. Untuk mengurangi terjadinya kerusakan terhadap mesin maka, perlunya peningkatan pemeliharaan dan pemeriksaan alat-alat yang di gunakan agar tidak mengganggu proses produksi berlangsung. Kata kunci : Diagram Fishbone atau sebab akibat =990 ##$$a 233/TA TIA 2018